| 000 | 011850000a22003010004500 | ||
|---|---|---|---|
| 003 | EG-GICUC | ||
| 005 | 20250223024926.0 | ||
| 008 | 070602s2002 ua a f m 000 0 eng d | ||
| 040 |
_aEG-GICUC _beng _cEG-GICUC |
||
| 041 | 0 | _aEng | |
| 049 | _aDeposite | ||
| 097 | _aM.Sc | ||
| 099 | _aCai01.11.34.M.Sc.2002.Us.E | ||
| 100 | 0 | _aUsama Mohamed Elsharakawy | |
| 245 | 1 | 0 |
_aEvaluation of anterior vaginal wall sling in treatment of female stress incontinence / _cUsama Mohamed Elsharakawy ; Supervised Mahmoud Abdelkader Daw , Ragheb Elhanafy Elsergany |
| 246 | 1 | 5 | _aتقييم دعامة الجدار الامامى فى علاج السلس البولى عند السيدات |
| 260 |
_aCairo : _bUsama Mohamed Elsharakawy , _c2002 |
||
| 300 |
_a140P. : _bill ; _c30cm |
||
| 502 | _aThesis (M.Sc.) - Cairo University - Faculty Of Medicine - Department Of Urology | ||
| 653 | 4 | _aFemale stress incontinence | |
| 653 | 4 | _aVaginal wall sling | |
| 700 | 0 |
_aMahmoud Abdelkader Daw , _eSupervisor |
|
| 700 | 0 |
_aRagheb Elhanafy Elsergany , _eSupervisor |
|
| 856 | _uhttp://172.23.153.220/th.pdf | ||
| 905 |
_aEsam _eRevisor |
||
| 905 |
_aNazla _eCataloger |
||
| 942 |
_2ddc _cTH |
||
| 999 |
_c1969 _d1969 |
||